| 000 | 00808nam a2200217Ia 4500 | ||
|---|---|---|---|
| 001 | 3461 | ||
| 003 | GE_BSU | ||
| 008 | 181216s||||||||xx |||||||||||||| ||und|| | ||
| 040 | _cGE_BSU | ||
| 080 | _a621.7(035.3) | ||
| 100 | _aАндреев,Г.Я. Балашкин,Б.С. Бернштеин,Г.Я. и др. | ||
| 245 | _aСправочник металлиста в 5 томах.Том 4. | ||
| 245 | _cРед. сов. Б.Л.Богуславский, А.Н.Малов, М.П.Новиков и др. Под ред. М.П.Новикова и П.Н.Орлова. | ||
| 250 | _aИзд. третье, перераб. | ||
| 260 | _aМ. | ||
| 260 | _bМашиностроение. | ||
| 260 | _c1977 | ||
| 300 | _a720 стр. с илл. | ||
| 653 | _aСправочник металлиста. | ||
| 942 | _cBK | ||
| 999 |
_c37499 _d37499 |
||